| 000 | 01542nam a2200361 c 4500 | ||
|---|---|---|---|
| 003 | BLK | ||
| 005 | 20241120103833.0 | ||
| 008 | 180408b bul|||||r ||||||| ||bul|| | ||
| 010 | _aKNG00061175000 | ||
| 040 | _aBLK | ||
| 041 |
_aBUL _cBUL |
||
| 080 |
_aБългарска литература _b821.163.2 _x.09(092) _z821.163.2.09(092) |
||
| 080 |
_aБългарски поет _b929 Яворов, Пейо Крачолов _x _z929 Яворов, Пейо Крачолов |
||
| 100 | 1 |
_aНайденова-Стоилова, Ганка _eпърви автор _9369449 |
|
| 139 |
_aНайденова-Стоилова, Ганка _bЯ 18 |
||
| 245 | 1 | 0 |
_aП. К. Яворов - летопис за живота и творчеството му _cГанка Найденова-Стоилова. |
| 250 | _a2. прераб. изд. | ||
| 257 | _aBGR | ||
| 260 |
_аСофия _bБАН _c1986 |
||
| 300 |
_a744 с. _bс ил., портр., факс. _c27 см |
||
| 380 | _a80 | ||
| 500 | _aАвт. не е отбелязана на кор. - Изд. на БАН. Инст. за лит. - 1. изд. 1959. - Съдържа Показалци. | ||
| 650 | 4 |
_aПоети, български - биографии _9277817 |
|
| 653 | _aбългарски поети | ||
| 653 | _aбиографии | ||
| 653 | _aПейо Яворов | ||
| 852 | _aЦб ІІ 6972 | ||
| 856 | 4 |
_qpdf _u |
|
| 856 | 4 |
_qpdf _u |
|
| 942 |
_cKNG _n0 _01 |
||
| 944 |
_aCR _c13.06.2004 _k30529 _lДиана Гривева |
||
| 944 |
_aED _c28.08.2015 _kМилена_Ачева |
||
| 999 |
_c57182 _d57182 |
||